[Event "Südlohner SV 1 - SF Essen-Katernberg  2"]
[Site "NRW-Klasse. Gruppe 2 2017/201"]
[Date "2018.04.08"]
[Round "8.3"]
[White "Dette, Jan"]
[Black "Voelker, Christian"]
[Result "1/2-1/2"]
[WhiteElo "2088"]
[BlackElo "2027"]
[PlyCount "65"]
[EventDate "2018.??.??"]
[WhiteTeam "SF Essen-Katernberg  2"]
[BlackTeam "Südlohner SV 1"]

1. e4 c5 2. Nf3 d6 3. d4 cxd4 4. Nxd4 Nf6 5. Nc3 g6 6. Be3 Bg7 7. f3 O-O 8. Qd2
Nc6 9. O-O-O d5 10. exd5 Nxd5 11. Nxc6 bxc6 12. Bd4 Bxd4 13. Qxd4 Qb6 14. h4 h5
15. Nxd5 cxd5 16. Qxb6 axb6 17. a3 Rd8 18. Bc4 Bb7 19. Bb3 Kg7 20. Rhe1 e6 21.
Rd4 b5 22. a4 Bc6 23. axb5 Bxb5 24. Rb4 Rab8 25. Kd2 Kf6 26. Ra1 Ke5 27. g3 Be8
28. Rxb8 Rxb8 29. Ra6 Rb7 30. Ra8 Bc6 31. Ra6 Bb5 32. Ra8 Bc6 33. Ra6 1/2-1/2

[Event "Südlohner SV 1 - SF Essen-Katernberg  2"]
[Site "NRW-Klasse. Gruppe 2 2017/201"]
[Date "2018.04.08"]
[Round "8.4"]
[White "Engels, Natia"]
[Black "Schimnatkowski, Lukas"]
[Result "1-0"]
[WhiteElo "2008"]
[BlackElo "2046"]
[PlyCount "81"]
[EventDate "2018.??.??"]
[WhiteTeam "Südlohner SV 1"]
[BlackTeam "SF Essen-Katernberg  2"]

1. d4 Nf6 2. c4 c5 3. d5 e5 4. Nc3 d6 5. e4 Nbd7 6. Bd3 Be7 7. Nge2 O-O 8. Ng3
Ne8 9. Nf5 Bg5 10. h4 Bxc1 11. Qxc1 a6 12. Qe3 Rb8 13. a4 Ndf6 14. h5 h6 15. f3
Nh7 16. g3 Nef6 17. O-O-O Re8 18. Rdg1 Qc7 19. Nxh6+ gxh6 20. Qxh6 Kh8 21. g4
Ng8 22. Qd2 f6 23. f4 exf4 24. e5 dxe5 25. Bg6 Rd8 26. Bxh7 Qxh7 27. g5 fxg5
28. Rxg5 Nh6 29. Rxe5 Rf8 30. d6 Bd7 31. Rxc5 Rbc8 32. Rxc8 Rxc8 33. Qxf4 Nf5
34. h6 Qf7 35. Qe5+ Kh7 36. Nd5 Rxc4+ 37. Kb1 Nxh6 38. Nf6+ Kg6 39. Nxd7 Qf5+
40. Qxf5+ Nxf5 41. Ne5+ 1-0

[Event "Südlohner SV 1 - SF Essen-Katernberg  2"]
[Site "NRW-Klasse. Gruppe 2 2017/201"]
[Date "2018.04.08"]
[Round "8.5"]
[White "Krueger, Erich"]
[Black "Teloeken, Daniel"]
[Result "0-1"]
[WhiteElo "1999"]
[BlackElo "1903"]
[PlyCount "114"]
[EventDate "2018.??.??"]
[WhiteTeam "SF Essen-Katernberg  2"]
[BlackTeam "Südlohner SV 1"]

1. d4 Nf6 2. c4 c5 3. d5 b5 4. cxb5 a6 5. bxa6 g6 6. Nc3 Bxa6 7. e4 Bxf1 8.
Kxf1 d6 9. g3 Bg7 10. Kg2 O-O 11. Nf3 Nbd7 12. Qe2 Qb6 13. a4 Rfb8 14. Bd2 Qa6
15. Nb5 Ne8 16. Bc3 Nc7 17. Bxg7 Kxg7 18. b3 Nxb5 19. axb5 Qb7 20. Ra6 Rxa6 21.
bxa6 Qxb3 22. a7 Ra8 23. Qa6 Qb4 24. Qa1+ Nf6 25. Rb1 Rxa7 26. Qxa7 Qxb1 27.
Qxe7 Qxe4 28. Qxd6 Qxd5 29. Qxd5 Nxd5 30. Ne5 f6 31. Nc4 Kf7 32. Kf3 Ke6 33.
Ke4 f5+ 34. Kd3 Nf6 35. f3 Nd7 36. f4 Nf6 37. Ne5 Ng4 38. Nf3 Kd5 39. Ng5 h6
40. Nf3 Nf2+ 41. Ke3 Ng4+ 42. Kd3 c4+ 43. Kc3 Kc5 44. Nh4 Nxh2 45. Nxg6 Nf1 46.
Ne5 Nxg3 47. Nxc4 Ne2+ 48. Kd3 Nxf4+ 49. Kc3 Kd5 50. Nd2 h5 51. Nf1 h4 52. Kd2
Ke4 53. Nh2 Ng6 54. Ke2 Ne5 55. Nf1 Ng4 56. Nd2+ Kf4 57. Kf1 Kg3 0-1

[Event "Südlohner SV 1 - SF Essen-Katernberg  2"]
[Site "NRW-Klasse. Gruppe 2 2017/201"]
[Date "2018.04.08"]
[Round "8.6"]
[White "Teloeken, Andreas"]
[Black "Neuer, Thomas"]
[Result "0-1"]
[WhiteElo "2034"]
[BlackElo "2111"]
[Annotator "Daniel"]
[PlyCount "130"]
[EventDate "2018.??.??"]
[WhiteTeam "Südlohner SV 1"]
[BlackTeam "SF Essen-Katernberg  2"]

1. e4 e6 2. d3 d5 3. Qe2 Nc6 4. c3 e5 5. Nf3 dxe4 6. dxe4 Nf6 7. Qc2 a6 8. Be2
Bc5 9. b4 Bd6 10. O-O O-O 11. Nbd2 Bg4 12. Nc4 Qe7 13. Bg5 h6 14. Be3 Rfd8 15.
a4 a5 16. b5 Nb8 17. h3 Bxf3 18. Bxf3 Nbd7 19. Rad1 Bc5 20. Bc1 Qe6 21. Be2 Re8
22. Ne3 Bxe3 23. Bxe3 Qe7 24. Bc4 Rad8 25. f3 Nc5 26. Kh2 Rxd1 27. Rxd1 b6 28.
Bd5 Ne6 $11 29. Qb3 Nxd5 30. Rxd5 f6 31. Qc4 Kh7 32. Qc6 Rd8 33. Qb7 Rxd5 34.
Qxd5 Nd8 35. Qc4 Qd6 36. Qd5 Qxd5 37. exd5 Nb7 38. c4 Kg6 39. g4 Kf7 40. Kg3
Ke7 41. f4 Nd6 42. fxe5 fxe5 43. Kf3 Nxc4 44. Bc1 Kf6 45. h4 Nd6 46. h5 Nb7 47.
Ba3 Nd6 48. Bc1 Nf7 49. Ke4 Nd6+ 50. Kf3 Nb7 51. Ba3 g6 52. Bc1 gxh5 53. gxh5
Nc5 54. Bxh6 Nxa4 55. Bd2 Nc5 56. h6 Kg6 57. Ke2 Nb7 58. Bg5 Nd6 59. Bd8 Nxb5
60. Kd3 Kxh6 61. d6 e4+ 62. Ke3 cxd6 63. Kxe4 a4 64. Kd3 d5 65. Bxb6 Kg6 0-1

[Event "Südlohner SV 1 - SF Essen-Katernberg  2"]
[Site "NRW-Klasse. Gruppe 2 2017/201"]
[Date "2018.04.08"]
[Round "8.7"]
[White "Nautsch, Werner"]
[Black "Darwisch, Khaled"]
[Result "0-1"]
[WhiteElo "2065"]
[BlackElo "2078"]
[PlyCount "86"]
[EventDate "2018.??.??"]
[WhiteTeam "SF Essen-Katernberg  2"]
[BlackTeam "Südlohner SV 1"]

1. e4 d6 2. d4 g6 3. Be3 Bg7 4. c3 Nf6 5. Bd3 Nc6 6. h3 e5 7. Ne2 O-O 8. O-O
Qe7 9. d5 Nd8 10. Nd2 h6 11. Rc1 Ne8 12. f4 f5 13. fxe5 dxe5 14. Qb3 Kh8 15. c4
f4 16. Bf2 g5 17. c5 g4 18. hxg4 Bxg4 19. Be1 Bf6 20. Nf3 Rg8 21. Bc4 Qxc5+ 22.
Bf2 Qf8 23. d6 Rg7 24. dxc7 Nxc7 25. Rfd1 Nce6 26. Kf1 Ng5 27. Bd5 Qe8 28. Rd3
Qh5 29. Neg1 Nde6 30. Nxg5 Nxg5 31. Rcc3 Rf8 32. a4 b6 33. Qb4 Be7 34. Qb5 f3
35. g3 Qh1 36. Rc2 Nh3 37. Be6 Bxe6 38. Qxe5 Bg4 39. Qd4 Qg2+ 40. Ke1 Nxg1 41.
Bxg1 Qxc2 42. Rd2 Qc1+ 43. Kf2 Bc5 0-1

[Event "Südlohner SV 1 - SF Essen-Katernberg  2"]
[Site "NRW-Klasse. Gruppe 2 2017/201"]
[Date "2018.04.08"]
[Round "8.8"]
[White "Hater, Wolfgang"]
[Black "Rosen, Willy"]
[Result "1/2-1/2"]
[WhiteElo "1977"]
[BlackElo "2037"]
[PlyCount "85"]
[EventDate "2018.??.??"]
[WhiteTeam "Südlohner SV 1"]
[BlackTeam "SF Essen-Katernberg  2"]

1. e4 c5 2. Nf3 Nc6 3. Be2 Nf6 4. d3 d5 5. Nbd2 g6 6. O-O Bg7 7. Re1 O-O 8.
exd5 Nxd5 9. a4 b6 10. c3 Qc7 11. Bf1 Bb7 12. Qc2 Rad8 13. Nc4 h6 14. Bd2 Rd7
15. Rad1 Rfd8 16. Bc1 a6 17. Qb3 e5 18. g3 Ba8 19. Bh3 Re7 20. Bg2 Kh7 21. h4
Qb8 22. h5 b5 23. hxg6+ fxg6 24. axb5 axb5 25. Ne3 Nf6 26. Qc2 Na5 27. Nh4 Bxg2
28. Nexg2 e4 29. dxe4 Rxd1 30. Qxd1 Rxe4 31. Rxe4 Nxe4 32. Qg4 Qe8 33. Nf3 b4
34. cxb4 cxb4 35. Nd2 Qc6 36. Nxe4 Qxc1+ 37. Kh2 Nc6 38. Qd7 h5 39. Nf6+ Kh6
40. Ne8 Bxb2 41. Qf7 Qc2 42. Qf8+ Kh7 43. Qf7+ 1/2-1/2

[Event "Godesberger SK 1 - SV Letmathe 1"]
[Site "NRW-Klasse. Gruppe 2 2017/201"]
[Date "2018.04.08"]
[Round "8.1"]
[White "Kolosowski, Mateusz"]
[Black "Seger, Ruediger"]
[Result "1/2-1/2"]
[WhiteElo "2434"]
[BlackElo "2300"]
[Annotator "Daniel"]
[PlyCount "129"]
[EventDate "2018.??.??"]
[WhiteTeam "SV Letmathe 1"]
[BlackTeam "Godesberger SK 1"]

1. d4 Nf6 2. c4 g6 3. g3 c6 4. Bg2 d5 5. Qa4 Nfd7 6. cxd5 Nb6 7. Qd1 cxd5 8.
Nc3 Bg7 9. e3 Nc6 10. Nge2 e6 11. b3 Bd7 12. Ba3 Ne7 13. Nf4 Bc6 14. O-O O-O
15. Nd3 Re8 16. Qd2 Rc8 17. Rfc1 Nf5 18. Ne2 Nd7 19. Rc2 Bf8 20. Bxf8 Rxf8 21.
Rac1 Qb6 22. Qb4 Qxb4 23. Nxb4 Ne7 24. a4 a5 25. Nd3 b5 26. Nc3 bxa4 27. Nxa4
Bxa4 28. bxa4 Rxc2 29. Rxc2 Rc8 30. Rb2 Rb8 31. Rc2 Rc8 32. Rb2 Rb8 $11 33.
Rxb8+ Nxb8 34. Nc5 Nec6 35. Bf1 Kf8 36. Bb5 Ke7 37. Kf1 Kd6 38. Ke2 Nd8 39. Kd2
Nbc6 40. Kc3 e5 41. f3 exd4+ 42. exd4 g5 43. Nb3 h6 44. Kd2 f5 45. Ke3 Ke7 46.
Bd3 Kf6 47. Ba6 Nb4 48. Bc8 Ndc6 49. f4 Nc2+ 50. Kd3 N2b4+ 51. Kd2 g4 52. Bd7
Nb8 53. Bc8 N8c6 54. Kc3 Na2+ 55. Kd3 Nab4+ 56. Kd2 Ne7 57. Bd7 Nec6 58. Kd1
Nb8 59. Bb5 N8c6 60. Kd2 Ke7 61. Be2 Kd6 62. Bd1 Kc7 63. Ke3 Kd6 64. Nc5 Ke7
65. Nb3 1/2-1/2

[Event "Godesberger SK 1 - SV Letmathe 1"]
[Site "NRW-Klasse. Gruppe 2 2017/201"]
[Date "2018.04.08"]
[Round "8.2"]
[White "Grabowski, Pawel"]
[Black "Podzielny, Karl-Heinz"]
[Result "0-1"]
[WhiteElo "2269"]
[BlackElo "2362"]
[PlyCount "114"]
[EventDate "2018.??.??"]
[WhiteTeam "Godesberger SK 1"]
[BlackTeam "SV Letmathe 1"]

1. d4 Nf6 2. c4 g6 3. Nc3 Bg7 4. g3 O-O 5. Bg2 d6 6. Nf3 Nbd7 7. O-O e5 8. d5
a5 9. b3 e4 10. Nd4 Re8 11. Rb1 Nc5 12. a3 Bd7 13. Bg5 h6 14. Bxf6 Qxf6 15. e3
Qd8 16. b4 axb4 17. axb4 Na4 18. Qc2 Nxc3 19. Qxc3 h5 20. Ra1 Rb8 21. Ra2 h4
22. Rd1 Re5 23. Qc2 Qe7 24. Nb5 Bg4 25. Rd4 Re8 26. Ra7 Bc8 27. c5 h3 28. Bh1
Qd8 29. cxd6 cxd6 30. Ra8 Qb6 31. Nxd6 Qxd6 32. Rxc8 f5 33. Rd1 Bf8 34. Rc3 Ra8
35. f3 exf3 36. Bxf3 Qb6 37. Qb3 Bd6 38. Kf2 Kg7 39. Qc4 Rae8 40. Rdd3 g5 41.
Qd4 Qxd4 42. Rxd4 R5e7 43. Rdc4 Kf6 44. b5 Ra8 45. Rc8 Re8 46. Rxe8 Rxe8 47.
Rc4 Ra8 48. e4 Ra2+ 49. Be2 f4 50. gxf4 Bxf4 51. Rc3 g4 52. Kf1 Be5 53. Rc8 Kg5
54. Rg8+ Kf4 55. Bxg4 Rxh2 56. Bxh3 Rxh3 57. Re8 Rh6 0-1

[Event "Godesberger SK 1 - SV Letmathe 1"]
[Site "NRW-Klasse. Gruppe 2 2017/201"]
[Date "2018.04.08"]
[Round "8.3"]
[White "Adamski, Jan"]
[Black "Koehler, Christian Friedrich"]
[Result "1/2-1/2"]
[WhiteElo "2229"]
[BlackElo "2236"]
[Annotator "Daniel"]
[PlyCount "85"]
[EventDate "2018.??.??"]
[WhiteTeam "SV Letmathe 1"]
[BlackTeam "Godesberger SK 1"]

1. Nf3 d5 2. c4 d4 3. g3 Nc6 4. Bg2 e5 5. O-O Nf6 6. d3 Bd6 7. a3 a5 8. e3 O-O
9. exd4 exd4 10. Bg5 h6 11. Bxf6 Qxf6 12. Nbd2 Qd8 13. Ne1 Ne7 14. Nc2 c5 15.
b4 $11 Ra7 16. bxc5 Bxc5 17. Ne4 b6 18. Ne1 Be6 19. Nf3 Ng6 20. Re1 Qc7 21. Qc2
Rd8 22. Nxc5 bxc5 23. Rab1 Rb8 24. Rxb8+ Qxb8 25. Rb1 Qd6 26. Nd2 Ne5 27. Ne4
Qf8 28. Rb5 Nd7 29. Qb1 Kh7 30. Qe1 a4 31. Nd2 Qd6 32. Ne4 Qc7 33. Qe2 Bf5 34.
f4 g6 35. h3 Be6 36. Kh2 Kg7 37. Nd2 Nf6 38. Ne4 Nd7 39. Nd2 Kf8 40. Ne4 Kg8
41. Nd2 Kg7 42. Ne4 Bf5 43. Nd2 1/2-1/2

[Event "Godesberger SK 1 - SV Letmathe 1"]
[Site "NRW-Klasse. Gruppe 2 2017/201"]
[Date "2018.04.08"]
[Round "8.4"]
[White "Wecker, Martin"]
[Black "Soukup, Jiri"]
[Result "0-1"]
[WhiteElo "2114"]
[BlackElo "2355"]
[PlyCount "56"]
[EventDate "2018.??.??"]
[WhiteTeam "Godesberger SK 1"]
[BlackTeam "SV Letmathe 1"]

1. d4 Nf6 2. c4 e6 3. Nf3 b6 4. g3 Bb7 5. Bg2 c5 6. d5 exd5 7. Nh4 g6 8. cxd5
d6 9. Nc3 Bg7 10. O-O O-O 11. a4 Na6 12. Nf3 Nb4 13. Ne1 Re8 14. Nc2 Qd7 15.
Re1 Ng4 16. Nxb4 cxb4 17. Nb5 Ne5 18. Nd4 Rac8 19. f4 Nc4 20. e4 Bxd5 21. exd5
Rxe1+ 22. Qxe1 Bxd4+ 23. Kh1 Re8 24. Qxb4 Qf5 25. Bd2 Qc2 26. Rc1 Qxd2 27. Qxc4
Re2 28. Bf1 Rxh2# 0-1

[Event "Godesberger SK 1 - SV Letmathe 1"]
[Site "NRW-Klasse. Gruppe 2 2017/201"]
[Date "2018.04.08"]
[Round "8.5"]
[White "Gruermann, Martin"]
[Black "Stenzel, Thomas"]
[Result "1-0"]
[WhiteElo "2201"]
[BlackElo "2085"]
[Annotator "Daniel"]
[PlyCount "93"]
[EventDate "2018.??.??"]
[WhiteTeam "SV Letmathe 1"]
[BlackTeam "Godesberger SK 1"]

1. e4 e6 2. d4 d5 3. Nc3 Nc6 4. Nf3 Nf6 5. Bg5 Be7 6. e5 Ne4 7. Bxe7 Qxe7 8. a3
f6 9. exf6 Qxf6 10. Bb5 O-O 11. Bxc6 bxc6 12. O-O c5 13. Qd3 Rb8 14. Rab1 Rb6
15. Rfe1 cxd4 16. Nxe4 dxe4 17. Qxe4 c5 18. Qe2 Bb7 19. Ne5 Rd6 20. f3 Qg5 21.
Kh1 Rf5 22. Qb5 Ba6 23. Qb8+ Qd8 24. Qxa7 Qc8 $11 25. b4 c4 26. b5 Bb7 27. Nxc4
Rd8 28. Qb6 Bd5 29. Nd6 Rxd6 30. Qxd6 Qxc2 31. Rec1 Qd3 32. Rc8+ Kf7 33. Rc7+
Kg6 34. Qg3+ Rg5 35. Rxg7+ Kxg7 36. Qxg5+ Kf7 37. Qf4+ Kg6 38. Qg3+ Kf6 39. Qe1
e5 40. b6 Bb7 41. a4 Ke6 42. Rb5 Qf5 43. Kg1 Qg5 44. Rb3 Qd8 45. Qd2 Qd7 46.
Qh6+ Kd5 47. Rb5+ 1-0

[Event "Godesberger SK 1 - SV Letmathe 1"]
[Site "NRW-Klasse. Gruppe 2 2017/201"]
[Date "2018.04.08"]
[Round "8.6"]
[White "Schulte-Geers, Niklas"]
[Black "Haude, Ruediger"]
[Result "1-0"]
[WhiteElo "2054"]
[BlackElo "2043"]
[PlyCount "63"]
[EventDate "2018.??.??"]
[WhiteTeam "Godesberger SK 1"]
[BlackTeam "SV Letmathe 1"]

1. d4 Nf6 2. c4 e6 3. Nf3 d5 4. Bg5 Be7 5. e3 Ne4 6. Bxe7 Qxe7 7. Nc3 Nxc3 8.
bxc3 Nd7 9. Qb3 c6 10. Bd3 O-O 11. O-O f5 12. Rab1 Kh8 13. cxd5 exd5 14. c4
dxc4 15. Bxc4 Nb6 16. Ne5 Nxc4 17. Qxc4 Be6 18. Qb4 Qxb4 19. Rxb4 Bc8 20. Rfb1
Kg8 21. a4 Rd8 22. f4 Rd5 23. Rc1 Kf8 24. Rc5 a5 25. Rb2 Rxc5 26. dxc5 Ke7 27.
Nc4 Ra7 28. Nb6 Kd8 29. Kf2 Kc7 30. Ke2 Be6 31. Kd3 Bd5 32. Kd4 1-0

[Event "Godesberger SK 1 - SV Letmathe 1"]
[Site "NRW-Klasse. Gruppe 2 2017/201"]
[Date "2018.04.08"]
[Round "8.7"]
[White "Pfleger, Sascha"]
[Black "Kummer, Wolfram"]
[Result "1-0"]
[WhiteElo "1999"]
[BlackElo "2078"]
[PlyCount "87"]
[EventDate "2018.??.??"]
[WhiteTeam "SV Letmathe 1"]
[BlackTeam "Godesberger SK 1"]

1. d4 Nf6 2. c4 c5 3. d5 b5 4. cxb5 a6 5. bxa6 Bxa6 6. Nc3 d6 7. g3 g6 8. Nh3
Bg7 9. Nf4 Nbd7 10. h4 h5 11. Qc2 Qb6 12. Bh3 Ne5 13. O-O Bc8 14. Bxc8 Rxc8 15.
Qa4+ Ned7 16. Ne6 fxe6 17. dxe6 O-O 18. exd7 Rcd8 19. Bg5 Qb7 20. Qc2 Kh7 21.
Rad1 Qxd7 22. Bxf6 Bxf6 23. Ne4 Qg4 24. Kg2 Kg7 25. Nxf6 Rxf6 26. Rd5 Rdf8 27.
f3 Qe6 28. Rfd1 Rf5 29. Rxf5 gxf5 30. b3 Rf6 31. Kf2 f4 32. gxf4 Qh3 33. Rg1+
Kf8 34. Qe4 Qxh4+ 35. Kf1 Qh3+ 36. Ke1 Qh4+ 37. Kd1 Ke8 38. Qc6+ Kf7 39. Qd5+
Ke8 40. Rg8+ Kd7 41. Ra8 Qh1+ 42. Kd2 Qg1 43. Ra7+ Ke8 44. Qxh5+ 1-0

[Event "Godesberger SK 1 - SV Letmathe 1"]
[Site "NRW-Klasse. Gruppe 2 2017/201"]
[Date "2018.04.08"]
[Round "8.8"]
[White "Kutzner, Stephen"]
[Black "Hunold, Rolf"]
[Result "1-0"]
[WhiteElo "2126"]
[BlackElo "1943"]
[PlyCount "67"]
[EventDate "2018.??.??"]
[WhiteTeam "Godesberger SK 1"]
[BlackTeam "SV Letmathe 1"]

1. d4 Nf6 2. c4 e6 3. Nc3 Bb4 4. e3 O-O 5. Bd3 c5 6. Nf3 d5 7. O-O cxd4 8. exd4
dxc4 9. Bxc4 Nc6 10. Bg5 Be7 11. Rc1 a6 12. Bd3 Bd7 13. Bb1 Nb4 14. Ne5 Bc6 15.
a3 Nbd5 16. Nxc6 bxc6 17. Qd3 g6 18. Na4 Qa5 19. Nc5 Qb6 20. Rc2 Rfd8 21. Rfc1
Bxc5 22. dxc5 Qc7 23. Qd4 Kg7 24. Qh4 h5 25. Re2 Rd7 26. Qd4 Re8 27. Rce1 Rde7
28. f4 Rd7 29. f5 e5 30. Rxe5 Rxe5 31. Rxe5 Re7 32. Rxd5 cxd5 33. Qxf6+ Kf8 34.
Qh8# 1-0

[Event "SG Bochum 2 - SG Ennepe-Ruhr-Süd 1"]
[Site "NRW-Klasse. Gruppe 2 2017/201"]
[Date "2018.04.08"]
[Round "8.1"]
[White "Lupor, Stefan"]
[Black "Tkachuk, Konstantyn"]
[Result "0-1"]
[WhiteElo "2256"]
[BlackElo "2249"]
[PlyCount "138"]
[EventDate "2018.??.??"]
[WhiteTeam "SG Ennepe-Ruhr-Süd 1"]
[BlackTeam "SG Bochum 2"]

1. e4 c5 2. Nf3 d6 3. d4 cxd4 4. Nxd4 Nf6 5. Nc3 g6 6. Be3 Bg7 7. f3 Nc6 8. Qd2
O-O 9. Bc4 Bd7 10. O-O-O Rc8 11. Bb3 Ne5 12. Kb1 a6 13. h4 h5 14. Bg5 b5 15. g4
b4 16. Nd5 a5 17. Nxf6+ exf6 18. Bh6 hxg4 19. Bxg7 Kxg7 20. f4 Nc4 21. Qe2 Qc7
22. h5 a4 23. Bxc4 Qxc4 24. Rd3 Rh8 25. e5 fxe5 26. fxe5 Rce8 27. h6+ Kh7 28.
b3 Qd5 29. Rf1 Rhf8 30. Qd2 Qxe5 31. Qxb4 axb3 32. axb3 f5 33. Rdd1 Kxh6 34.
Rde1 Qf6 35. Rd1 Kg7 36. Qb7 Rf7 37. Qd5 Qe5 38. Qh1 Rfe7 39. Qh4 Qf6 40. Qh2
Qe5 41. Qh4 Rh8 42. Qg5 Rh5 43. Qd2 Rh2 44. Qb4 Qc5 45. Qb7 Kf7 46. Rfe1 Be6
47. Qb8 Bd5 48. Rxe7+ Kxe7 49. b4 Qc4 50. Qa7+ Kf6 51. Qa3 Rh1 52. Rxh1 Bxh1
53. Qe3 Qxb4+ 54. Kc1 Be4 55. Qh6 Qe1+ 56. Kb2 Qb4+ 57. Kc1 Ke5 58. Qh8+ Kf4
59. Qh6+ g5 60. Ne6+ Kg3 61. Nxg5 Qc5 62. Nxe4+ fxe4 63. Qd2 d5 64. Qe1+ Qf2
65. Qb4 Qf4+ 66. Kd1 e3 67. Qb5 Qf3+ 68. Kc1 Kf2 69. c4 e2 0-1

[Event "SG Bochum 2 - SG Ennepe-Ruhr-Süd 1"]
[Site "NRW-Klasse. Gruppe 2 2017/201"]
[Date "2018.04.08"]
[Round "8.2"]
[White "Dahm, Jochen"]
[Black "Lupor, André"]
[Result "1/2-1/2"]
[WhiteElo "2208"]
[BlackElo "2219"]
[PlyCount "165"]
[EventDate "2018.??.??"]
[WhiteTeam "SG Bochum 2"]
[BlackTeam "SG Ennepe-Ruhr-Süd 1"]

1. e4 c5 2. Nf3 d6 3. d4 cxd4 4. Nxd4 Nf6 5. Nc3 a6 6. h3 e6 7. g4 Be7 8. Be3
b5 9. a3 Bb7 10. Bg2 Nfd7 11. Qe2 Nc6 12. Rd1 Nxd4 13. Bxd4 O-O 14. O-O Qc7 15.
f4 e5 16. Be3 exf4 17. Bxf4 Ne5 18. Bxe5 dxe5 19. Nd5 Bxd5 20. exd5 Rad8 21.
Rf5 g6 22. Rxe5 Bf6 23. Re3 Bxb2 24. Kh1 Bf6 25. Rf1 Bg5 26. Re5 h6 27. a4 Rc8
28. axb5 axb5 29. Re4 Qxc2 30. Qxb5 Qd2 31. Re2 Qd4 32. Qb7 Rc1 33. Rxc1 Bxc1
34. Qe7 Bg5 35. Qe4 Qd1+ 36. Re1 Qd2 37. Qe2 Qd4 38. Rd1 Qf4 39. d6 Bf6 40. d7
Be5 41. Bd5 Bf6 42. Qe4 Qxe4+ 43. Bxe4 Rd8 44. Bc6 Be5 45. Re1 f6 46. Bb5 Kf7
47. Rc1 Ke7 48. Kg2 f5 49. Kf3 Rxd7 50. Bxd7 Kxd7 51. gxf5 gxf5 52. Rg1 h5 53.
h4 Bf6 54. Rh1 Be5 55. Rb1 Bf6 56. Rb4 Ke6 57. Kg3 Be5+ 58. Kh3 Kf6 59. Rb6+
Kg7 60. Rb1 Kf6 61. Rg1 Bf4 62. Rg8 Kf7 63. Rh8 Kg6 64. Kg2 Be5 65. Rg8+ Bg7
66. Kf3 Kf7 67. Ra8 Bf6 68. Kf4 Bxh4 69. Kxf5 Be7 70. Rh8 Bc5 71. Rh7+ Ke8 72.
Ke6 Kd8 73. Rxh5 Be3 74. Rh3 Bf4 75. Rf3 Bb8 76. Kd5 Kc7 77. Kc5 Kb7 78. Ra3
Ba7+ 79. Kb5 Bb8 80. Rh3 Ka8 81. Ka6 Ba7 82. Rh8+ Bb8 83. Rc8 1/2-1/2

[Event "SG Bochum 2 - SG Ennepe-Ruhr-Süd 1"]
[Site "NRW-Klasse. Gruppe 2 2017/201"]
[Date "2018.04.08"]
[Round "8.3"]
[White "Arndt, Stefan"]
[Black "Koellner, Ruben Gideon"]
[Result "1-0"]
[WhiteElo "2143"]
[BlackElo "2188"]
[PlyCount "59"]
[EventDate "2018.??.??"]
[WhiteTeam "SG Ennepe-Ruhr-Süd 1"]
[BlackTeam "SG Bochum 2"]

1. e4 c5 2. Nc3 e6 3. f4 Nc6 4. Nf3 d5 5. Bb5 Nge7 6. exd5 Nxd5 7. Bxc6+ bxc6
8. d3 Bd6 9. Ne4 Bxf4 10. Bxf4 Nxf4 11. Qd2 Nd5 12. O-O Qe7 13. Ne5 O-O 14. c4
Nb4 15. a3 Na6 16. Rf6 Bd7 17. Raf1 Be8 18. R1f3 Kh8 19. Qg5 Rg8 20. Rh3 g6 21.
Rxf7 Qxf7 22. Nxf7+ Bxf7 23. Qe7 Rg7 24. Qb7 Rb8 25. Qxa6 Rxb2 26. Rf3 Bg8 27.
Qc8 Rbb7 28. Rf8 Rb1+ 29. Kf2 Rb2+ 30. Kg3 1-0

[Event "SG Bochum 2 - SG Ennepe-Ruhr-Süd 1"]
[Site "NRW-Klasse. Gruppe 2 2017/201"]
[Date "2018.04.08"]
[Round "8.4"]
[White "Stricker, Florian"]
[Black "Tripolsky, Eugen"]
[Result "0-1"]
[WhiteElo "2018"]
[BlackElo "2205"]
[PlyCount "48"]
[EventDate "2018.??.??"]
[WhiteTeam "SG Bochum 2"]
[BlackTeam "SG Ennepe-Ruhr-Süd 1"]

1. b3 e5 2. Bb2 Nc6 3. e3 Nf6 4. Bb5 Bd6 5. Na3 Be7 6. Nc4 e4 7. g4 h6 8. h3
O-O 9. Bxc6 bxc6 10. Ne2 Nh7 11. d3 d5 12. Ne5 Bb4+ 13. c3 Bd6 14. Nxc6 Qe8 15.
Ncd4 Ng5 16. Ng1 f5 17. Nxf5 Bxf5 18. gxf5 Rxf5 19. Qg4 Qf7 20. O-O-O Rf8 21.
h4 h5 22. Qg2 Rxf2 23. Qxg5 Rxb2 24. dxe4 Ba3 0-1

[Event "SG Bochum 2 - SG Ennepe-Ruhr-Süd 1"]
[Site "NRW-Klasse. Gruppe 2 2017/201"]
[Date "2018.04.08"]
[Round "8.5"]
[White "Osswald, Luis Monty"]
[Black "Rempe, Moritz"]
[Result "0-1"]
[WhiteElo "2096"]
[BlackElo "1998"]
[Annotator "Daniel"]
[PlyCount "120"]
[EventDate "2018.??.??"]
[WhiteTeam "SG Ennepe-Ruhr-Süd 1"]
[BlackTeam "SG Bochum 2"]

1. e4 e6 2. Nf3 d5 3. Nc3 Nf6 4. e5 Nfd7 5. d4 c5 6. dxc5 Bxc5 7. Bd3 Nc6 8.
Bf4 Qb6 9. O-O a6 10. a3 Bd4 11. Qe2 Nc5 12. Nxd4 Nxd3 13. Nxe6 Bxe6 14. Qxd3
O-O-O 15. b4 Qd4 16. Qxd4 Nxd4 17. Rac1 Kb8 18. Be3 Nc6 19. Bb6 Rc8 20. Bc5 b6
21. Bd6+ Kb7 22. Ne2 Rhe8 23. Nf4 Nd4 24. Rfd1 Rc4 25. Kf1 Nxc2 26. b5 axb5 27.
Kg1 Rec8 28. Nxd5 Bxd5 29. Rxd5 Nxa3 30. Rcd1 $11 b4 31. R5d3 Nb5 32. Rb3 Nxd6
33. exd6 Rd8 34. Rf3 Rd7 35. Kf1 Kc6 36. Rfd3 Rc3 37. Rxc3+ bxc3 38. Rd3 Rxd6
39. Rxc3+ Kb7 40. Ke2 b5 41. h4 Kb6 42. Rc8 Rd7 43. Rb8+ Kc5 44. Rc8+ Kb4 45.
Rb8 Kc4 46. g3 b4 47. Ke3 Kc3 48. Rc8+ Kb2 49. Rb8 b3 50. Ke2 Kc2 51. Rc8+ Kb1
52. Rb8 b2 53. Ra8 Rc7 54. Kd1 Rc1+ 55. Kd2 Rc2+ 56. Kd1 Rxf2 57. Ra7 Rf3 58.
Kd2 f6 59. g4 Rf4 60. Re7 Ra4 0-1

[Event "SG Bochum 2 - SG Ennepe-Ruhr-Süd 1"]
[Site "NRW-Klasse. Gruppe 2 2017/201"]
[Date "2018.04.08"]
[Round "8.6"]
[White "Kitte, Sebastian"]
[Black "Heller, Achim"]
[Result "1/2-1/2"]
[WhiteElo "2177"]
[BlackElo "2123"]
[PlyCount "34"]
[EventDate "2018.??.??"]
[WhiteTeam "SG Bochum 2"]
[BlackTeam "SG Ennepe-Ruhr-Süd 1"]

1. d4 d5 2. c4 c6 3. Nc3 Nf6 4. e3 e6 5. Nf3 Nbd7 6. Qc2 b6 7. Be2 Be7 8. O-O
O-O 9. Rd1 Bb7 10. e4 dxe4 11. Nxe4 Nxe4 12. Qxe4 Nf6 13. Qc2 Qc7 14. b3 Rfd8
15. h3 c5 16. Be3 Qc6 17. Bf1 Bd6 1/2-1/2

[Event "SG Bochum 2 - SG Ennepe-Ruhr-Süd 1"]
[Site "NRW-Klasse. Gruppe 2 2017/201"]
[Date "2018.04.08"]
[Round "8.7"]
[White "Bruchmann, Norbert"]
[Black "Mazarov, Juergen"]
[Result "1-0"]
[WhiteElo "2033"]
[BlackElo "2075"]
[Annotator "Daniel"]
[PlyCount "79"]
[EventDate "2018.??.??"]
[WhiteTeam "SG Ennepe-Ruhr-Süd 1"]
[BlackTeam "SG Bochum 2"]

1. e4 c5 2. Nc3 a6 3. g3 b5 4. Bg2 Bb7 5. Nge2 e6 6. O-O Qc7 7. d3 d6 8. f4 Be7
9. f5 Nf6 10. fxe6 fxe6 11. Nf4 Bc8 12. Bh3 b4 13. Na4 e5 14. Ne6 Bxe6 15. Bxe6
Nc6 16. Bg5 Nd8 17. Bc4 Nf7 18. Bxf7+ Kxf7 19. Qh5+ Kg8 20. Qh3 Qc8 21. Rf5 Qe6
$11 22. Bxf6 Bxf6 23. Nb6 Rf8 24. Raf1 h5 25. Nd5 Rh6 26. b3 Rf7 27. Kg2 Rf8
28. Rxh5 Qxh3+ 29. Rxh3 Rg6 30. Rh5 Rb8 31. Rhf5 Kf7 32. h4 Ke6 33. h5 Rg5 34.
Rxg5 Bxg5 35. Rf5 Bc1 36. g4 a5 37. Kh3 Rb7 38. g5 a4 39. h6 axb3 40. axb3 1-0

[Event "SG Bochum 2 - SG Ennepe-Ruhr-Süd 1"]
[Site "NRW-Klasse. Gruppe 2 2017/201"]
[Date "2018.04.08"]
[Round "8.8"]
[White "Wuebker, Paul-Luca"]
[Black "Schaefer, Martin"]
[Result "1/2-1/2"]
[WhiteElo "2107"]
[BlackElo "1929"]
[PlyCount "96"]
[EventDate "2018.??.??"]
[WhiteTeam "SG Bochum 2"]
[BlackTeam "SG Ennepe-Ruhr-Süd 1"]

1. d4 f5 2. g3 Nf6 3. Bg2 g6 4. Nf3 Bg7 5. c4 O-O 6. O-O d6 7. Nc3 c6 8. d5 e5
9. dxe6 Bxe6 10. Qd3 Qe7 11. Ng5 Nbd7 12. Nxe6 Qxe6 13. b3 Nc5 14. Qc2 Nfe4 15.
Bb2 Nxc3 16. Bxc3 Bxc3 17. Qxc3 Qxe2 18. Rfe1 Qg4 19. f3 Qg5 20. b4 Na6 21. b5
Nc5 22. bxc6 f4 23. cxb7 Rab8 24. Rad1 Qf6 25. Qxf6 Rxf6 26. Rb1 Kf7 27. Red1
Rxb7 28. Rxb7+ Nxb7 29. Rd4 g5 30. Kf2 Rf5 31. h4 Ra5 32. hxg5 Rxa2+ 33. Kf1
fxg3 34. f4 Rf2+ 35. Kg1 Nc5 36. Rxd6 Rxf4 37. Bd5+ Ke7 38. Rh6 Rg4 39. Rxh7+
Kd6 40. Rh6+ Ke5 41. Rc6 Nd3 42. Ra6 Nf4 43. Rxa7 Rxg5 44. Bf3 Kd4 45. Re7 Nd3
46. Re4+ Kc3 47. Kg2 Ne5 48. Be2 Nc6 1/2-1/2